000 01489nam0a2200373 4500
001 RU\NLR\BIBL_A\011710707
005 20260405074107.0
010 _a978-5-486-03992-8
_93000
035 _a(NLR Aleph) 011710707
090 _a11432044
_c11432044
100 _a20180522d2011 |||y0rusy50 ca
101 1 _arus
_cfre
102 _aRU
105 _ay z 000ay
106 _as
135 _acrmn mmmancda
200 1 _aРоман мумии
_eроман
_aНочь, дарованная Клеопатрой
_eновелла
_e[перевод с французского]
_bЭлектронный ресурс
_fГотье Т.
210 _aМосква
_cМир книги
_cЛитература
_d2011
215 _a205, [2] c.
225 1 _aЕгипетские ночи
230 _aЭлектрон. дан.
300 _aЗагл. с титул. экрана
325 _aКопия доступна в Электрон. б-ке РНБ
686 1 _aШ6(4Фр)57-440.4{Лх1646-50}
700 1 _7ca
_8rus
_aГотье
_bТ.
_f1811-1872
_gТеофиль
_99029
_3RU\NLR\AUTH\7725984
852 0 0 _aNLR
942 _cBOOK
980 _aNB
981 3 3 _a(33) Художественная литература
_b(33) Зарубежная литература